LDR 01022naa#a2200193#i#450# 001 RU\\bibl\121190 005 20260513015956.3 011 ## _a2409-1073 100 ## _a20141121b2014####ek#y0rusy0150####ca 101 0# _aRUS 102 ## _aRU 200 1# _aСтатистический экспресс-анализ реализации федеральных целевых программ _eЖурнальная статья 210 1# _aМосква _cФедеральное государственное автономное образовательное учреждение высшего образования Национальный исследовательский университет "Московский институт электронной техники" _d2014 215 ## _a4 с. 608 ## _aЖурнальная статья _2local 675 ## _a. 519.25:656 _zRUS 700 #1 _aБыстров _gОлег Филаретович 700 #1 _aПотемкин _gПавел Олегович 856 4# _aesgi-journal.ru _u